MARC details
| 000 -LEADER |
| campo de control de longitud fija |
01821nam a2200373 i 4500 |
| 001 - NÚMERO DE CONTROL |
| campo de control |
196863 |
| 003 - IDENTIFICADOR DE NÚMERO DE CONTROL |
| campo de control |
ES-MaACL |
| 005 - FECHA Y HORA DE LA ÚLTIMA TRANSACCIÓN |
| campo de control |
20250716003041.0 |
| 007 - CAMPO FIJO DE DESCRIPCIÓN FÍSICA--INFORMACIÓN GENERAL |
| campo de control de longitud fija |
ta |
| 008 - DATOS DE LONGITUD FIJA--INFORMACIÓN GENERAL |
| campo de control de longitud fija |
250113s1877 sp ||| | spa d |
| 035 ## - NÚMERO DE CONTROL DEL SISTEMA |
| Número de control de sistema |
CPB93000158 |
| Número de control cancelado/no válido |
CCPB000096053-5 |
| -- |
0100093033 |
| 035 ## - NÚMERO DE CONTROL DEL SISTEMA |
| Número de control de sistema |
CCPB000140829-1 |
| 040 ## - FUENTE DE CATALOGACIÓN |
| Centro catalogador/agencia de origen |
CAM |
| Lengua de catalogación |
spa |
| Normas de descripción |
rdc |
| Centro/agencia transcriptor |
ES-MaACL |
| 100 1# - ENTRADA PRINCIPAL--NOMBRE DE PERSONA |
| Nombre de persona |
Revilla, Manuel de la, |
| Fechas asociadas al nombre |
1846-1881 |
| 9 (RLIN) |
96432 |
| Término indicativo de función/relación |
Autor |
| 245 10 - MENCIÓN DEL TÍTULO |
| Título |
Principios generales de literatura e historia de la literatura española / |
| Mención de responsabilidad, etc. |
por Manuel de la Revilla y Pedro de Alcántara García. |
| 246 1# - FORMA VARIANTE DEL TITULO |
| Título propio/Titulo breve |
Historia de la literatura española |
| 250 ## - MENCION DE EDICION |
| Mención de edición |
2ª ed. aum. y rev. |
| 260 ## - PUBLICACIÓN, DISTRIBUCIÓN, ETC. |
| Lugar de publicación, distribución, etc. |
Madrid : |
| Nombre del editor, distribuidor, etc. |
Librería de Francisco Iravedra, |
| Fecha de publicación, distribución, etc. |
1877 |
| Fabricante |
(Imp. de Pascual Conesa) |
| 300 ## - DESCRIPCIÓN FÍSICA |
| Extensión |
2 volúmenes (X, 529 ; 798 páginas) ; |
| Dimensiones |
22 cm. |
| 336 ## - TIPO DE CONTENIDO |
| Fuente |
rdacontent |
| Término de tipo de contenido |
texto |
| 337 ## - TIPO DE MEDIO |
| Fuente |
rdamedia |
| Nombre/término del tipo de medio |
sin mediación |
| 338 ## - TIPO DE SOPORTE |
| Fuente |
rdacarrier |
| Nombre/término del tipo de soporte |
volumen |
| 505 0# - NOTA DE CONTENIDO CON FORMATO |
| Nota de contenido con formato |
Vol. 1. Principios generales de literatura - v. 2: Historia de la literatura española / Pedro de Alcántara García |
| 510 ## - NOTA DE CITAS O REFERENCIAS BIBLIOGRÁFICAS |
| Nombre de la fuente |
CCPB, |
| Localización dentro de la fuente |
000140829-1 |
| 650 #4 - PUNTO DE ACCESO ADICIONAL DE MATERIA--TÉRMINO DE MATERIA |
| Término de materia o nombre geográfico como elemento de entrada |
Literatura española- |
| Subdivisión general |
Historia y crítica |
| 9 (RLIN) |
14560 |
| 650 #4 - PUNTO DE ACCESO ADICIONAL DE MATERIA--TÉRMINO DE MATERIA |
| Término de materia o nombre geográfico como elemento de entrada |
Preceptiva literaria |
| 9 (RLIN) |
150091 |
| 700 1# - ENTRADA AGREGADA--NOMBRE PERSONAL |
| Nombre de persona |
García, Pedro de Alcántara, |
| Fechas asociadas al nombre |
1842-1906 |
| Término indicativo de función/relación |
Autor |
| 9 (RLIN) |
54086 |
| 752 ## - ENTRADA AGREGADA--NOMBRE JERÁRQUICO DEL LUGAR |
| País o entidad superior |
España |
| Ciudad |
Madrid |
| 852 ## - LOCALIZACIÓN |
| Ubicación |
ES-MaACL |
| Ubicación en estantería |
Depósito 2 |
| Marcas de propiedad |
Sello en tinta en portada: "Patricio Sánchez Gra. Zorita. Presbítero" |
| Donativo/Legado
|
Donación: "El presbítero, Don Patricio Sánchez García" |
| Número de control de estantería |
G-16023 |
| Designación de la unidad física |
v. 1 |
| Encuadernación |
Pasta española |
| itemnumber |
204529 |
| 852 ## - LOCALIZACIÓN |
| Ubicación |
ES-MaACL |
| Ubicación en estantería |
Depósito 2 |
| Marcas de propiedad |
Sello en tinta en portada: "Patricio Sánchez Gra. Zorita. Presbítero" |
| Donativo/Legado
|
Donación: "El presbítero, Don Patricio Sánchez García" |
| Número de control de estantería |
G-16024 |
| Designación de la unidad física |
v. 2 |
| Encuadernación |
Pasta española |
| itemnumber |
204530 |
| 903 ## - NOMBRE PERSONAL DE DONANTE |
| 9 |
239453 |
| a |
Sanchez García, Patricio, |
| c |
Presbitero |
| e |
Donante |
| 942 ## - ELEMENTOS DE ENTRADA SECUNDARIOS (KOHA) |
| Suprimir en OPAC |
No |
| Tipo de ítem Koha |
Libro impreso antiguo |